00263nam a22001097a 4500041001200000082001200012100002300024245004800047260003800095300000800133650001200141 aEnglish a252 GOP aGopaul, Winston B. aBiblical Sermons From a Presbyterian Pulpit aTrinidadbWinston B. Gopaulc1995 a224 aSermons